[Event "Ontario op"]
[Site "Brantford"]
[Date "2015.05.18"]
[Round "5.29"]
[White "Guha, Satyaki"]
[Black "Erickson, John"]
[Result "0-1"]
[WhiteElo "1653"]
[BlackElo "1818"]
[PlyCount "70"]
[EventDate "2015.05.16"]
[EventType "swiss"]
[EventRounds "6"]
[EventCountry "CAN"]
[SourceTitle "EXT 2019"]
[Source "ChessBase"]
[SourceDate "2018.10.10"]
[SourceVersion "1"]
[SourceVersionDate "2018.10.10"]
[SourceQuality "1"]

1. e4 c5 2. Nf3 d6 3. Bb5+ Bd7 4. Bxd7+ Qxd7 5. c4 Nc6 6. d4 cxd4 7. Nxd4 g6 8. Nc3 Bg7 9. Be3 Nf6 10. f3 0-0 11. Qd2 a5 12. a4 Rac8 13. b3 Qd8 14. Rb1 Nb4 15. Nc2 Nxc2+ 16. Qxc2 e6 17. Rd1 Qe7 18. 0-0 d5 19. Bg5 Qc5+ 20. Kh1 dxc4 21. Bd2 cxb3 22. Qxb3 Qb4 23. Rb1 Rfd8 24. Rfd1 Rd3 25. Qxb4 axb4 26. Ne2 Rcd8 27. Rxb4 Rxd2 28. Rxd2 Rxd2 29. Ng1 Ra2 30. Rxb7 Rxa4 31. Rb8+ Bf8 32. g4 Kg7 33. Rb1 Ra2 34. Nh3 Bd6 35. Ng5 h6 0-1